[Event "Fast Game"]
[Site "www.echecsemail.com"]
[Date "2017.06.28"]
[Round "1"]
[White "Ranjachess"]
[Black "Pellix84"]
[WhiteElo "1850"]
[BlackElo "1650"]
[Result "0-1"]
[Round "1"]
1.d4 Ng8f6
2.e4 Nf6xe4
3.Bf1c4 e6
4.a3 c5
5.d5 d6
6.Ng1f3 Bf8e7
7.Qd1d3 Ne4f6
8.O-O O-O
9.Bc1e3 a6
10.Nb1c3 b5
11.Bc4a2 Bc8b7
12.Nc3e4 c4
13.Ne4xf6 Be7xf6
14.Qd3d2 Bf6xb2
15.Ra1b1 Bb2xa3
16.Ba2xc4 bxc4
17.Rb1xb7 a5
18.c3 Qd8c8
19.Rb7b5 Nb8d7
20.Rf1a1 Qc8a6
21.Rb5b1 Ba3c5
22.Rb1e1 a4
23.Be3xc5 Nd7xc5
24.Re1e2 Ra8a7
25.dxe6 fxe6
26.Nf3d4 e5
27.Nd4c2 Qa6c6
28.Nc2b4 Qc6b6
29.Qd2d5 Kh8
30.Nb4c6 Ra7d7
31.g3 Nc5d3
32.Ra1f1 Qb6c5
33.Qd5xc5 Nd3xc5
34.Nc6a5 Rf8f3
35.Re2e3 Rf3xe3
36.fxe3 g5
37.Na5xc4 e4
38.Rf1d1 Nc5d3
39.Nc4b6 Rd7a7
40.Rd1a1 a3
41.Nb6c4 a2
42.Nc4xd6 Nd3c5
43.c4 Nc5b3
44.Ra1xa2 Ra7xa2
45.Nd6xe4 g4
46.Ne4f6 Ra2a4
47.e4 Ra4xc4
48.Kf2 Kg7
49.Nf6e8 Kg6
50.Ke3 Nb3c5
51.Ne8d6 Rc4c2
52.Kf4 h5
53.Ke5 Rc2xh2
54.Kd5 Nc5d7
55.e5 h4
56.e6 Nd7f6
57.Kc6 hxg3
58.e7 g2
59.Nd6e4 Rh2h8
60.Ne4xf6 Kxf6
61.Kd7 Kf7
62.e8Q Rh8xe8
63.Kd6 g1Q
64.Kd5 Qg1d1
65.Kc6 Re8c8
66.Kb7 Qd1d7
67.Kb6 Qd7c7
68.Kb5 Rc8b8
69.Ka6 Qc7b6

0-1

[Event "Tourn. n9410"]
[Site "www.chess-mail.com"]
[Date "2017.06.29"]
[Round "1"]
[White "Attatroll"]
[Black "Balbyns"]
[WhiteElo "2000"]
[BlackElo "2010"]
[Result "0-1"]
[Round "1"]
1.d4 Ng8f6
2.c4 e6
3.Nb1c3 c5
4.Ng1f3 cxd4
5.Nf3xd4 Nb8c6
6.Nd4xc6 bxc6
7.Bc1f4 Bf8b4
8.e3 Qd8a5
9.Qd1b3 Nf6e4
10.Ra1c1 e5
11.Bf4g3 Ra8b8
12.Qb3c2 Ne4xc3
13.bxc3 Bb4a3
14.Rc1d1 Rb8b2
15.Qc2d3 Rb2xa2
16.Bf1e2 Ba3b2
17.O-O Bb2xc3
18.Qd3d6 Ra2xe2
19.Bg3h4 Bc3b4
20.Qd6b8 O-O
21.Bh4g3 f6
22.Rd1a1 Qa5b6
23.Qb8xa7 Qb6xa7
24.Ra1xa7 Rf8d8
25.h3 d5
26.cxd5 Rd8xd5
27.Rf1c1 Re2e1
28.Rc1xe1 Bb4xe1
29.Ra7c7 Bc8d7
30.Kf1 Be1b4
31.Ke2 e4
32.f4 c5
33.Bg3h4 Rd5d2
34.Kf1 Bd7b5
35.Kg1 Rd2d5
{ resign }
0-1

[Event "Tourn. n9422"]
[Site "www.chess-mail.com"]
[Date "2017.06.29"]
[Round "1"]
[White "Fantomas"]
[Black "Pachi"]
[WhiteElo "1519"]
[BlackElo "1550"]
[Result "1-0"]
[Round "1"]
1.e4 e5
2.Ng1f3 d6
3.d4 f6
4.Bf1c4 c6
5.dxe5 fxe5
6.h3 Ng8f6
7.Nb1c3 b5
8.Bc4d3 d5
9.exd5 Bf8b4
10.Bc1g5 cxd5
11.Bd3xb5 Bc8d7
12.O-O Bb4xc3
13.Bb5xd7 Qd8xd7
14.bxc3 Nf6e4
15.Nf3xe5 Qd7f5
16.Qd1xd5 Ne4xg5
17.Qd5xa8 Qf5c8
18.Qa8xa7 O-O
19.Qa7a5 Rf8f5
20.Qa5d5 Kh8
21.f4 Ng5e6
22.Ra1d1 Rf5f8
23.Qd5d6 Rf8d8
24.Ne5f7 Kg8
25.Nf7xd8 Ne6xd8
26.Qd6xd8 { resign }
1-0

[Event "Tourn. n9325"]
[Site "www.chess-mail.com"]
[Date "2017.06.29"]
[Round "1"]
[White "Seger"]
[Black "Numanoid"]
[WhiteElo "2680"]
[BlackElo "2480"]
[Result "1-0"]
[Round "1"]
1.c4 e5
2.e3 Ng8f6
3.d4 exd4
4.exd4 Bf8b4
5.Nb1c3 O-O
6.Ng1f3 Rf8e8
7.Bf1e2 d5
8.O-O Bc8e6
9.Nf3g5 Be6f5
10.cxd5 Nb8d7
11.g4 Bb4xc3
12.bxc3 Bf5g6
13.f4 Nf6e4
14.Ng5xe4 Bg6xe4
15.a4 Be4xd5
16.c4 Bd5e4
17.Ra1a3 f5
18.Ra3g3 c6
19.d5 cxd5
20.cxd5 Nd7f6
21.d6 Be4c6
22.Bc1b2 Kh8
23.g5 Nf6e4
24.Bb2xg7 { resign }
1-0

[Event "Tourn. n9185"]
[Site "www.chess-mail.com"]
[Date "2017.06.29"]
[Round "1"]
[White "Ejner"]
[Black "Numanoid"]
[WhiteElo "2400"]
[BlackElo "2410"]
[Result "1-0"]
[Round "1"]
1.d4 d5
2.c4 e6
3.Nb1c3 c6
4.e3 Ng8f6
5.Ng1f3 Nb8d7
6.Bf1d3 dxc4
7.Bd3xc4 b5
8.Bc4b3 b4
9.Nc3e2 c5
10.O-O Bc8b7
11.Ne2f4 Bf8d6
12.d5 e5
13.Nf4e6 fxe6
14.dxe6 Nd7b6
15.Nf3g5 Bd6e7
16.Qd1xd8 Ra8xd8
17.Ng5f7 O-O
18.Nf7xd8 Rf8xd8
19.Rf1d1 Rd8xd1
20.Bb3xd1 Bb7d5
21.b3 Bd5xe6
22.a3 a5
23.axb4 axb4
24.Ra1a6 Nf6d7
25.Bc1b2 Be7d6
26.Bd1c2 c4
27.bxc4 Be6xc4
28.Ra6a1 b3
29.Bc2f5 Nd7c5
30.Ra1d1 Bd6c7
31.Rd1c1 g6
32.Bf5h3 Nc5a4
33.Rc1xc4 Nb6xc4
34.Bh3e6 Kf8
35.Be6xc4 Na4xb2
36.Bc4xb3 { time. }
1-0

[Event "Tourn. n9407"]
[Site "www.chess-mail.com"]
[Date "2017.06.29"]
[Round "1"]
[White "Osopanda"]
[Black "Ditto"]
[WhiteElo "1710"]
[BlackElo "1830"]
[Result "0-1"]
[Round "1"]
1.e4 e5
2.Ng1f3 Nb8c6
3.Bf1b5 Bf8c5
4.O-O d6
5.c3 Bc8g4
6.d4 exd4
7.cxd4 a6
8.Bb5xc6 bxc6
9.dxc5 { time. }
0-1

[Event "Tourn. n9426"]
[Site "www.chess-mail.com"]
[Date "2017.06.29"]
[Round "1"]
[White "Bojan"]
[Black "Roque1"]
[WhiteElo "2010"]
[BlackElo "2040"]
[Result "1-0"]
[Round "1"]
1.e4 c5
2.Ng1f3 e6
3.d4 cxd4
4.Nf3xd4 Nb8c6
5.a3 Bf8e7
6.Nb1c3 Nc6xd4
7.Qd1xd4 Be7f6
8.e5 Bf6e7
9.Nc3e4 f5
10.Ne4d6 Be7xd6
11.exd6 Ng8f6
12.c3 Nf6e4
13.Qd4xg7 Rh8f8
14.f3 Ne4xd6
15.Bc1g5 { resign }
1-0

[Event "Tourn. n9403"]
[Site "www.chess-mail.com"]
[Date "2017.06.29"]
[Round "1"]
[White "Gvladutz"]
[Black "Drdoom"]
[WhiteElo "1499"]
[BlackElo "1610"]
[Result "1-0"]
[Round "1"]
1.Ng1f3 Nb8c6
2.d4 d5
3.Bc1f4 Ng8f6
4.c4 e6
5.e3 Bf8e7
6.Nb1c3 O-O
7.a3 h6
8.Bf1e2 Nf6h5
9.Bf4e5 f6
10.Be5g3 Nh5xg3
11.hxg3 b6
12.cxd5  { time }
1-0

[Event "Tourn. n9399"]
[Site "www.chess-mail.com"]
[Date "2017.06.29"]
[Round "1"]
[White "Astroboy"]
[Black "Roque1"]
[WhiteElo "2079"]
[BlackElo "1990"]
[Result "1-0"]
[Round "1"]
1.e4 c5
2.c3 e6
3.d4 Nb8c6
4.Ng1f3 Ng8f6
5.Bf1d3 Bf8e7
6.O-O Qd8b6
7.Qd1b3 O-O
8.Qb3xb6 axb6
9.h3 d6
10.Bc1e3 Bc8d7
11.Nb1d2 Ra8a4
12.a3 Rf8a8
13.Nd2c4 Ra4a6
14.Nc4xd6 Ra6a7
15.dxc5 bxc5
16.Be3xc5 Be7xd6
17.Bc5xd6 Nc6a5
18.Bd6c5 b6
19.Bc5xb6 Ra7b7
20.Bb6xa5 Ra8xa5
21.b4 Ra5a8
22.e5 Nf6d5
23.c4 Nd5c7
24.Bd3e4 { resign }
1-0

[Event "Tourn. n9364"]
[Site "www.chess-mail.com"]
[Date "2017.06.29"]
[Round "1"]
[White "Numanoid"]
[Black "Chessington"]
[WhiteElo "2490"]
[BlackElo "2470"]
[Result "0-1"]
[Round "1"]
1.d4 e6
2.e4 d5
3.e5 c5
4.c3 cxd4
5.cxd4 Nb8c6
6.Ng1f3 Ng8e7
7.Bf1d3 Ne7f5
8.Bd3xf5 exf5
9.Nb1c3 Bf8e7
10.h4 h6
11.Kf1 O-O
12.g3 Qd8b6
13.Kg2 Rf8d8
14.Nc3e2 f4
15.Ne2xf4 Bc8f5
{ resign }
0-1

[Event "Match"]
[Site "www.echecsemail.com"]
[Date "2017.06.29"]
[Round "1"]
[White "Mitja"]
[Black "Bojan"]
[WhiteElo "2040"]
[BlackElo "2010"]
[Result "1-0"]
[Round "1"]
1.d4 g6
2.e3 Bf8g7
3.c3 d5
4.h3 Bc8f5
5.Ng1e2 Ng8f6
6.Ne2g3 Bf5e6
7.Bf1b5 c6
8.Bb5a4 Qd8d6
9.Ba4c2 Nb8d7
10.b3 c5
11.Bc1a3 b6
12.dxc5 bxc5
13.Nb1d2 Qd6c6
14.Ba3b2 c4
15.b4 d4
16.O-O dxe3
17.fxe3 Nd7e5
18.Bc2a4 O-O
19.Ba4xc6 Ne5xc6
20.Qd1e2 Nc6e5
21.Ng3e4 Nf6h5
22.Kh2 f5
23.Ne4g3 Nh5f6
24.Nd2f3 Ne5d3
25.Nf3d4 Be6d5
26.Qe2d2 a6
27.Nd4b3 Nd3xb2
28.Qd2xb2 cxb3
29.axb3 Nf6e4
30.Ng3xe4 Bd5xe4
31.Ra1c1 Ra8b8
32.Qb2a3 Rb8b6
33.b5 Bg7f6
34.bxa6 Rf8a8
35.a7 Rb6b7
36.b4 Rb7xa7
37.Qa3b3 Kg7
38.Rf1f2 Ra7a3
39.Qb3c4 Ra8d8
40.g4 Rd8d3
41.gxf5 Bf6e5
42.Kg1 gxf5
43.Rf2e2 Rd3d6
44.Kf2 Ra3a8
45.Rc1g1 Kf6
46.Qc4b3 Rd6d3
47.Rg1c1 Rd3d8
48.Re2e1 Be4d5
49.c4 Bd5e4
50.Re1d1 Rd8g8
51.Rd1g1 Rg8d8
52.Rc1d1 Rd8c8
53.h4 Be5h2
54.Qb3c3 Bh2e5
55.Qc3b3 e6
56.Rd1d7 f4
57.exf4 Be5xf4
58.Qb3c3 e5
59.Qc3b3 Be4f5
60.Rd7d6 Ke7
61.c5 Rc8f8
62.Rg1g7 Ke8
63.Qb3d5 Ra8b8
64.Qd5c6 { resign }
1-0

[Event "Match"]
[Site "www.echecsemail.com"]
[Date "2017.06.29"]
[Round "1"]
[White "Caspito"]
[Black "Cjood"]
[WhiteElo "1940"]
[BlackElo "1960"]
[Result "0-1"]
[Round "1"]
1.e4 e5
2.Ng1f3 Nb8c6
3.Bf1c4 Bf8c5
4.O-O Ng8f6
5.Bc4xf7 Kxf7
6.Nf3g5 Kg8
7.c3 h6
8.Qd1b3 d5
9.Ng5f3 Nf6xe4
10.d4 exd4
11.Nb1d2 dxc3
12.Nd2xe4 Nc6d4
13.Nf3xd4 Bc5xd4
14.bxc3 Bd4e5
15.Bc1b2 Kh7
16.Ra1d1 Qd8h4
17.Ne4g3 c6
18.Qb3c2 g6
19.c4 d4
20.Qc2e4 Be5xg3
21.Qe4xh4 Bg3xh4
22.g3 Bh4f6
23.Rf1e1 c5
24.Kg2 Bc8f5
25.h3 Rh8e8
26.f3 Re8xe1
27.Rd1xe1 h5
28.a3 g5
29.g4 hxg4
30.hxg4 Bf5d3
31.Re1e6 Ra8f8
32.Re6d6 Bd3xc4
33.a4 Rf8f7
34.a5 Bf6e5
{ resign }
0-1

[Event "Match"]
[Site "www.echecsemail.com"]
[Date "2017.06.29"]
[Round "1"]
[White "Luke1302"]
[Black "Carazo"]
[WhiteElo "1370"]
[BlackElo "1610"]
[Result "0-1"]
[Round "1"]
1.e4 e5
2.Qd1e2 Ng8f6
3.g3 Nb8c6
4.Bf1g2 Nc6d4
5.Qe2d3 Bf8c5
6.b4 Bc5xb4
7.Bc1b2 Qd8e7
8.c3 Nd4c6
9.cxb4 Nc6xb4
10.Qd3c3 c5
11.Qc3c4 O-O
12.a3 Nb4c6
13.Ng1f3 Nc6a5
14.Qc4b5 b6
15.Nf3h4 g6
16.Bb2xe5 Qe7xe5
17.Nb1c3 Na5c6
18.f4 Qe5e7
19.f5 g5
20.Nh4f3 Bc8b7
21.Nf3xg5 Nf6g4
22.h3 Nc6d4
23.hxg4 Nd4xb5
24.Ng5xh7 Rf8e8
25.Nc3xb5 d5
26.g5 dxe4
27.Nh7f6 Kf8
28.Rh1h8 Kg7
29.Rh8h7 Kf8
30.Rh7h8 Kg7
31.Nb5c7 Re8xh8
32.Nc7xa8 Bb7xa8
33.Bg2xe4 Ba8xe4
34.Nf6g4 Be4xf5
35.Ng4e3 Rh8h1
36.Ke2 Rh1xa1
37.Kf3 Qe7e4
38.Ke2 Ra1xa3
39.g4 Bf5xg4
40.Kf2 Qe4f3
41.Ke1 Qf3e2

0-1

[Event "Match"]
[Site "www.echecsemail.com"]
[Date "2017.06.29"]
[Round "1"]
[White "Dussek"]
[Black "Cjood"]
[WhiteElo "1499"]
[BlackElo "1800"]
[Result "0-1"]
[Round "1"]
1.d4 Ng8f6
2.Ng1f3 e6
3.e3 d5
4.Nb1d2 Bf8d6
5.Bf1d3 a6
6.O-O c6
7.b3 Bc8d7
8.Bc1b2 b5
9.Nf3e5 Bd6xe5
10.dxe5 Nf6g8
11.Qd1g4 g6
12.h4 h5
13.Qg4h3 c5
14.Nd2f3 c4
15.Bd3e2 Ng8h6
16.Bb2a3 Nh6f5
17.Nf3g5 Qd8c7
18.f4 Qc7b6
19.Rf1f3 Nf5d4
20.exd4 Qb6xd4
21.Kh2 Qd4xa1
22.bxc4 dxc4
23.Ba3c5 Qa1xa2
24.Rf3c3 Nb8c6
25.Qh3e3 b4
{ resign }
0-1

[Event "Match"]
[Site "www.echecsemail.com"]
[Date "2017.06.29"]
[Round "1"]
[White "Ll69"]
[Black "Micheles"]
[WhiteElo "1910"]
[BlackElo "2540"]
[Result "0-1"]
[Round "1"]
1.d4 Ng8f6
2.Ng1f3 g6
3.g3 d5
4.Bf1g2 Bf8g7
5.O-O O-O
6.c4 c6
7.Qd1b3 Qd8b6
8.Nb1c3 Bc8f5
9.Nf3e5 e6
10.h3 h5
11.Qb3d1 Nb8d7
12.c5 Qb6a5
13.Ne5xd7 Nf6xd7
14.e3 e5
15.g4 hxg4
16.hxg4 Bf5e6
17.a3 Qa5d8
 { time }
0-1

[Event "Match"]
[Site "www.echecsemail.com"]
[Date "2017.06.29"]
[Round "1"]
[White "Markos123"]
[Black "Menace"]
[WhiteElo "1810"]
[BlackElo "2310"]
[Result "0-1"]
[Round "1"]
1.e4 e5
2.Nb1c3 f5
3.exf5 Ng8f6
4.Qd1f3 Nb8c6
5.Nc3d5 Nc6d4
6.Qf3c3 Nf6xd5
7.Qc3c4 Nd5b6
8.Qc4d3 Bf8c5
9.Ng1f3 Nd4xf3
10.Qd3xf3 O-O
11.b3 d6
12.Bf1d3 d5
13.Qf3g3 Bc8xf5
14.Qg3xe5 Rf8e8
15.Qe5xe8 Qd8xe8
16.Kd1 Bf5xd3
17.Rh1e1 Qe8h5
18.f3 Bd3a6
19.Bc1b2 d4
20.c3 Qh5xh2
21.cxd4 Bc5b4
22.Bb2c3 Bb4xc3
23.dxc3 Qh2xg2
24.c4 Qg2xf3
25.Kc2 Qf3f2
26.Kd1 Qf2xd4
27.Kc2 Ra8f8
28.Re1d1 Rf8f2
29.Kc1 Qd4xa1
{ resign }
0-1

[Event "Match"]
[Site "www.echecsemail.com"]
[Date "2017.06.29"]
[Round "1"]
[White "Coraza8091"]
[Black "Cal"]
[WhiteElo "1450"]
[BlackElo "1730"]
[Result "1-0"]
[Round "1"]
1.e4 e5
2.Ng1f3 d6
3.Bf1c4 h6
4.c3 a6
5.Qd1b3 b5
6.Bc4xf7 Ke7
7.Bf7xg8 Rh8xg8
8.Qb3xg8 Bc8e6
9.Qg8h7 Kd7
10.Qh7g6 Nb8c6
11.a4 Qd8e7
12.axb5 Nc6b8
13.O-O c5
14.d3 Kc7
15.c4 a5
16.b4 Nb8d7
17.bxa5 Nd7f6
18.b6 Kb7
19.d4 Be6xc4
20.Rf1e1 cxd4
21.Qg6g3 g5
22.Nf3d2 Bc4b5
23.Qg3b3 Bf8g7
24.Qb3xb5 Nf6d7
25.a6 Kb8
26.a7 Kb7
27.Qb5a6 Kc6
28.b7 Nd7b6
29.b8Q Qe7c7
30.Qb8xc7 Kxc7
31.Bc1a3 Bg7f6
32.Ba3xd6 Kxd6
33.Qa6xb6 Ke7
34.Qb6b7 { resign }
1-0

[Event "Match"]
[Site "www.echecsemail.com"]
[Date "2017.06.29"]
[Round "1"]
[White "Micheles"]
[Black "Cjood"]
[WhiteElo "2490"]
[BlackElo "1920"]
[Result "1-0"]
[Round "1"]
1.d4 Nb8c6
2.Ng1f3 d5
3.c3 Bc8f5
4.Bc1f4 g6
5.h3 Bf8h6
6.Bf4xh6 Ng8xh6
7.Nb1d2 b5
8.e4 dxe4
9.Bf1xb5 Bf5d7
10.Nd2xe4 a6
11.Bb5a4 O-O
12.Qd1d2 Nh6f5
13.Ne4c5 e6
14.Nc5xd7 Qd8xd7
15.Nf3e5 Qd7d5
16.Ba4xc6 { resign }
1-0

[Event "1/32 Finale"]
[Site "www.chess-mail.com"]
[Date "2017.06.29"]
[Round "1"]
[White "Sorento"]
[Black "Leonger"]
[WhiteElo "2440"]
[BlackElo "2480"]
[Result "1-0"]
[Round "1"]
1.e4 c5
2.Ng1f3 Nb8c6
3.d4 cxd4
4.Nf3xd4 Ng8f6
5.Nb1c3 d6
6.Bc1g5 e6
7.f4 a6
8.Qd1d2 Qd8c7
9.O-O-O Bc8d7
10.Bf1e2 Bf8e7
11.Nd4b3 b5
12.a3 Ra8d8
13.Bg5xf6 Be7xf6
14.Qd2xd6 Qc7b6
15.Qd6c5  { time }
1-0

[Event "Tourn. n9405"]
[Site "www.chess-mail.com"]
[Date "2017.07.01"]
[Round "1"]
[White "Guidom"]
[Black "Roque1"]
[WhiteElo "2120"]
[BlackElo "2020"]
[Result "1-0"]
[Round "1"]
1.e4 c5
2.Ng1f3 e6
3.d4 cxd4
4.Nf3xd4 Ng8f6
5.Bf1d3 Nb8c6
6.c3 Bf8c5
7.Nd4b3 Bc5b6
8.O-O d5
9.exd5 Nf6xd5
10.Bd3b5 O-O
11.Qd1h5 Nc6e7
12.Bc1g5 Qd8d6
13.Nb1d2 Ne7g6
14.Nd2c4 Qd6c7
15.Nc4xb6 Nd5xb6
16.Nb3d4 Bc8d7
17.Bb5xd7 Nb6xd7
18.Ra1d1 Nd7e5
19.f4 Ne5c4
20.Rf1f2 Nc4e3
21.Rd1d3 Ne3f5
22.Nd4xf5 exf5
23.Rd3h3 f6
24.Qh5xh7 Kf7
25.Qh7h5 Rf8h8
26.Qh5f3 fxg5
27.fxg5 Ng6f4
28.Rh3xh8 Ra8xh8
29.Qf3xf4 Qc7xf4
30.Rf2xf4 g6
31.Rf4d4 Ke6
32.h4 a5
33.a4 b6
34.g3 Rh8e8
35.Kf2 Ke5
36.Kf3 Re8h8
37.Rd4d7 Rh8b8
38.c4 Ke6
39.Rd7g7 Rb8d8
40.Rg7xg6 Ke5
41.Rg6xb6 Rd8d4
42.Rb6b5 { resign }
1-0

[Event "Tourn. n9376"]
[Site "www.chess-mail.com"]
[Date "2017.07.01"]
[Round "1"]
[White "Orhany24"]
[Black "Wegaman"]
[WhiteElo "2230"]
[BlackElo "2010"]
[Result "0-1"]
[Round "1"]
1.e4 e6
2.d4 d5
3.exd5 exd5
4.Ng1f3 Ng8f6
5.Bf1d3 c5
6.dxc5 Bf8xc5
7.O-O O-O
8.h3 Nb8c6
9.a3 Bc8e6
10.Bc1g5 Bc5e7
11.c4 h6
12.Bg5h4 Rf8e8
13.cxd5 Be6xd5
14.Nb1c3 Bd5xf3
15.gxf3 Nc6d4
16.Rf1e1 Nd4c6
17.Qd1c2 Nc6d4
18.Qc2d1 Qd8b6
19.Ra1b1 Qb6c6
20.Nc3e4 Qc6b6
21.Kg2 Nd4e6
22.Ne4xf6 Be7xf6
23.Bh4xf6 gxf6
24.Qd1a4 Qb6d6
25.Rb1d1 Ne6f4
26.Kf1 Re8xe1
{ resign }
0-1

[Event "Tourn. n9433"]
[Site "www.chess-mail.com"]
[Date "2017.07.01"]
[Round "1"]
[White "Bojan"]
[Black "Carebear"]
[WhiteElo "1940"]
[BlackElo "1809"]
[Result "0-1"]
[Round "1"]
1.e4 e5
2.Ng1f3 Nb8c6
3.Bf1c4 Bf8c5
4.c3 Ng8f6
5.Qd1e2 O-O
6.Bc4d3 d5
7.exd5 Nf6xd5
8.Bd3c2 Nd5f4
9.Qe2e4 g6
10.g3 Bc8f5
11.Qe4c4 Bf5xc2
12.gxf4 Qd8d7
13.Qc4xc5 exf4
14.Qc5g5 Rf8e8
15.Kf1 Bc2d1
16.Kg2 Bd1xf3
17.Kxf3 Qd7h3
18.Kxf4 Nc6e5
19.Qg5xe5 Re8xe5
20.Kxe5 Ra8e8
21.Kd4 Qh3g4
{ resign }
0-1

[Event "Tourn. n9409"]
[Site "www.chess-mail.com"]
[Date "2017.07.01"]
[Round "1"]
[White "Coolant"]
[Black "Falcoale"]
[WhiteElo "2280"]
[BlackElo "2020"]
[Result "1-0"]
[Round "1"]
1.Nb1c3 Ng8f6
2.Ng1f3 e6
3.d4 d6
4.e4 b6
5.Bf1d3 Bc8b7
6.Qd1e2 Nb8c6
7.a3 Bf8e7
8.Bc1f4 O-O
9.O-O-O Nf6e8
10.d5 exd5
11.exd5 Nc6b8
12.Rd1e1 Be7f6
13.Qe2e4 g6
14.h4 Ne8g7
15.Bf4g5 Nb8d7
16.g4 Rf8e8
17.Qe4f4 Re8xe1
18.Rh1xe1 a5
19.Bd3b5 Bf6xc3
20.Bg5xd8 Ra8xd8
21.bxc3 { resign }
1-0

[Event "Tourn. n9418"]
[Site "www.chess-mail.com"]
[Date "2017.07.01"]
[Round "1"]
[White "Fantomas"]
[Black "Sorim"]
[WhiteElo "1519"]
[BlackElo "1850"]
[Result "0-1"]
[Round "1"]
1.Ng1f3 Ng8f6
2.g3 d5
3.Bf1g2 Bc8f5
4.d4 e6
5.O-O c5
6.Nf3h4 Bf5g4
7.h3 Bg4h5
8.Nb1c3 Nb8c6
9.dxc5 Bf8xc5
10.a3 O-O
11.Qd1d2 Ra8c8
12.e3 Nc6e5
13.g4 Nf6xg4
14.hxg4 Bh5xg4
15.f4 Ne5c4
16.Qd2f2 d4
17.Nc3d1 dxe3
18.Nd1xe3 Nc4xe3
19.Bc1xe3 Bc5xe3
20.Qf2xe3 Qd8xh4
21.Rf1f2 b6
22.Bg2e4 h5
23.Be4d3 Rf8d8
24.Kg2 Qh4f6
25.c3 Rc8c5
26.Ra1g1 Rc5d5
27.Bd3e4 Rd5d1
28.Be4f3 Rd1d3
29.Qe3e4 Qf6h4
{ resign }
0-1

[Event "Tourn. n9291"]
[Site "www.chess-mail.com"]
[Date "2017.07.01"]
[Round "1"]
[White "Roserl"]
[Black "Abuelo"]
[WhiteElo "2180"]
[BlackElo "2160"]
[Result "1-0"]
[Round "1"]
1.e4 e5
2.Bf1c4 Ng8f6
3.d3 h6
4.Ng1f3 d6
5.h3 Bc8d7
6.O-O a5
7.Nb1c3 c6
8.a3 b5
9.Bc4b3 a4
10.Bb3a2 Bf8e7
11.Rf1e1 O-O
12.Nc3e2 Nb8a6
13.Ne2g3 Na6c7
14.d4 exd4
15.Nf3xd4 c5
16.Nd4f5 Bd7xf5
17.Ng3xf5 Qd8d7
18.Qd1f3 Ra8e8
19.Qf3g3 Nf6h5
20.Qg3g6 Be7f6
21.Nf5xh6 Kh8
22.Nh6xf7 Rf8xf7
23.Ba2xf7 Re8e5
24.f4 Nh5g3
25.Qg6xg3 Qd7xf7
26.fxe5 Bf6xe5
27.Qg3h4 Kg8
28.Re1f1 Be5h2
29.Kxh2 Qf7xf1
30.Qh4d8 Kh7
31.Qd8xc7 Qf1f6
32.Bc1e3 Qf6e5
33.Kh1 Qe5xb2
34.Ra1f1 Qb2xa3
35.Be3c1 Qa3g3
36.Bc1f4 Qg3g6
37.Bf4xd6 Qg6xe4
38.Qc7xc5 Qe4e2
39.Qc5f5 g6
40.Qf5f7 Kh6
41.Bd6f4 g5
42.Bf4xg5 Kxg5
43.Qf7f6 { resign }
1-0

[Event "Tourn. n9409"]
[Site "www.chess-mail.com"]
[Date "2017.07.01"]
[Round "1"]
[White "Falcoale"]
[Black "Picifarkinca"]
[WhiteElo "1980"]
[BlackElo "2040"]
[Result "1-0"]
[Round "1"]
1.e4 d5
2.exd5 Ng8f6
3.c4 c6
4.dxc6 Nb8xc6
5.Ng1f3 Bc8g4
6.Bf1e2 e5
7.d3 Bf8c5
8.O-O h6
9.Rf1e1 O-O
10.h3 Bg4f5
11.a3 a5
12.Nb1c3 Rf8e8
13.Bc1e3 Bc5d4
14.Ra1b1 e4
15.Nf3xd4 Nc6xd4
16.dxe4 Nd4xe2
17.Qd1xe2 Nf6xe4
18.Nc3xe4 Re8xe4
19.Rb1d1 Qd8e8
20.b3 { resign }
1-0

[Event "Tourn. n9405"]
[Site "www.chess-mail.com"]
[Date "2017.07.01"]
[Round "1"]
[White "Roque1"]
[Black "Coolant"]
[WhiteElo "2020"]
[BlackElo "2280"]
[Result "0-1"]
[Round "1"]
1.e4 Nb8c6
2.Ng1f3 e5
3.Bf1b5 f5
4.Nb1c3 fxe4
5.Nc3xe4 Ng8f6
6.d3 d6
7.Bc1g5 Bf8e7
8.O-O O-O
9.Qd1d2 Nf6xe4
10.dxe4 Rf8xf3
11.Bg5xe7 Nc6xe7
12.gxf3 Bc8h3
13.Rf1d1 Ne7g6
14.Kh1 Ng6f4
15.Rd1g1 Qd8h4
16.Rg1g3 Ra8f8
17.Ra1g1 Nf4h5
18.Rg3g5 h6
19.Rg5g6 Kh7
20.Bb5f1 Bh3xf1
21.Rg1g4 Qh4h3
22.Qd2e1 Qh3xf3
23.Kg1 Bf1h3
24.Qe1e3 Qf3d1
{ resign }
0-1

[Event "Tourn. n9325"]
[Site "www.chess-mail.com"]
[Date "2017.07.01"]
[Round "1"]
[White "Pdebonis"]
[Black "Conde7"]
[WhiteElo "2600"]
[BlackElo "2860"]
[Result "0-1"]
[Round "1"]
1.d4 Ng8f6
2.c4 e6
3.Nb1c3 Bf8b4
4.e3 O-O
5.Bf1d3 d5
6.cxd5 exd5
7.Ng1e2 Bb4d6
8.O-O Rf8e8
9.Ne2f4 c6
10.f3 b6
11.Rf1e1 Nb8a6
12.Bc1d2 Na6c7
13.Ra1c1 Bc8b7
14.g3 h6
15.Qd1c2 c5
16.b3 c4
17.bxc4 dxc4
18.Bd3xc4 Bd6xf4
19.gxf4 Bb7xf3
20.Qc2f5 Nc7e6
21.Re1f1 Bf3b7
22.Rf1f2 Ra8c8
23.Bc4e2 Ne6c7
24.Rf2f1 Re8e6
25.Be2f3 Bb7xf3
26.Rf1xf3 Nc7d5
27.Nc3xd5 Rc8xc1
28.Bd2xc1 Nf6xd5
29.Qf5c2 Qd8a8
30.Qc2g2 Qa8e8
31.f5 Re6c6
32.Bc1b2 Rc6c7
33.Rf3f2 Nd5xe3
34.Qg2f3 Ne3c4
35.Bb2c1 Nc4e5
36.Qf3e3 Rc7xc1
37.Qe3xc1 Ne5d3
38.Qc1c7 Qe8e3
39.Qc7d8 Kh7
40.Qd8h4 a5
41.Kg2 Nd3xf2
42.Qh4xf2 Qe3d3
43.Qf2f4 f6
44.Qf4g4 Kg8
45.Qg4f4 b5
46.Qf4f3 Qd3xd4
{ resign }
0-1

[Event "Tourn. n9283"]
[Site "www.chess-mail.com"]
[Date "2017.07.01"]
[Round "1"]
[White "Xkafi"]
[Black "Hundegana"]
[WhiteElo "2010"]
[BlackElo "2070"]
[Result "1-0"]
[Round "1"]
1.e4 e5
2.Bf1c4 d6
3.d3 Qd8e7
4.Nb1c3 c6
5.h3 Bc8e6
6.Bc4b3 Be6xb3
7.axb3 Nb8d7
8.Ng1f3 h6
9.d4 Ra8d8
10.O-O a6
11.d5 c5
12.Nf3h2 Qe7h4
13.Nh2f3 Qh4f6
14.Nc3a4 Qf6g6
15.Na4c3 f5
16.exf5 Qg6xf5
17.Rf1e1 g5
18.Nc3e4 Ng8f6
19.Ne4xf6 Nd7xf6
20.Bc1d2 Kd7
21.Bd2a5 Rd8c8
22.Ra1a4 b5
23.Ra4a1 Bf8e7
24.g4 Qf5g6
25.Re1xe5 Rh8h7
26.Ba5d2 Ke8
27.Re5e6 Qg6f7
28.Bd2c3 Nf6d7
29.Qd1e2 Kf8
30.Ra1xa6 b4
31.Bc3d2 Rc8e8
32.c3 Be7f6
33.Re6xe8 Qf7xe8
34.Qe2xe8 Kxe8
35.Ra6xd6 bxc3
36.bxc3 Rh7e7
37.Kf1 Nd7e5
38.Rd6xf6 Ne5xf3
39.Rf6xf3 Kd7
40.Rf3f6 Re7h7
41.c4 Ke7
42.Rf6c6 Kd7
43.Rc6xc5 Kd6
44.Rc5c6 Kd7
45.b4 Rh7h8
46.c5 h5
47.Bd2xg5 hxg4
48.hxg4 Rh8g8
49.f4 Rg8b8
50.Rc6d6 Kc7
51.Rd6c6 Kd7
52.Rc6d6 Kc7
53.Rd6c6 Kd7
54.Bg5h6 Rb8xb4
55.Kf2 Rb4d4
56.Rc6d6 Kc7
57.Ke3 Rd4d1
58.Ke4 Rd1e1
59.Kf5 Re1c1
60.Rd6c6 Kd7
61.g5 Rc1h1
62.Kf6 Rh1h4
63.f5 Rh4h3
64.Rc6d6 Kc7
65.Kg7 Rh3c3
66.Rd6c6 Kd7
67.f6 Rc3d3
68.Rc6d6 Ke8
69.f7 Ke7
70.f8Q { resign }
1-0

[Event "Tourn. n9329"]
[Site "www.chess-mail.com"]
[Date "2017.07.01"]
[Round "1"]
[White "Nulladies"]
[Black "Fabos12"]
[WhiteElo "1870"]
[BlackElo "1880"]
[Result "0-1"]
[Round "1"]
1.d4 d5
2.Bc1f4 g6
3.e3 Bf8g7
4.Ng1f3 Nb8c6
5.Nb1d2 Bc8g4
6.Bf1e2 Bg4xf3
7.Be2xf3 e6
8.c3 Ng8e7
9.e4 dxe4
10.Nd2xe4 O-O
11.Qd1b3 Ra8b8
12.O-O e5
13.dxe5 Nc6xe5
14.Bf4xe5 Bg7xe5
15.Ra1d1 Qd8c8
16.Ne4c5 Rf8d8
17.Rd1xd8 Qc8xd8
18.Rf1d1 Be5d6
19.Nc5e4 Ne7c6
20.Ne4xd6 cxd6
21.h4 Nc6e5
22.Bf3e4 Qd8xh4
23.f3 Qh4g5
24.Rd1f1 Qg5e3
25.Rf1f2 Kg7
26.Qb3d1 Ne5c4
27.Qd1e2 Qe3c5
28.b4 Qc5c7
29.Be4d3 b5
30.Bd3xc4 bxc4
31.Qe2e4 a5
32.a3 Kf8
33.Rf2d2 Rb8e8
34.Qe4d4 Kg8
35.Qd4xd6 Qc7xd6
36.Rd2xd6 Re8e1
37.Kf2 Re1c1
38.bxa5 Rc1xc3
39.a6 Rc3xa3
40.Rd6c6 c3
41.Ke2 Ra3a2
42.Kd3 c2
43.Rc6xc2 Ra2xa6
44.Ke4 Kg7
45.g4 Kf6
46.f4 Ra6a4
47.Ke3 Ke6
48.Rc2d2 Ra4a3
49.Kf2 f5
50.g5 Ra3h3
51.Kg2 Rh3e3
52.Kf2 Re3e4
53.Rd2e2 Kd5
54.Re2d2 Re4d4
55.Rd2xd4 Kxd4
56.Kf3 Kd3
57.Kg3 Ke3
58.Kh4 Kxf4
{ resign }
0-1

[Event "Tourn. n9349"]
[Site "www.chess-mail.com"]
[Date "2017.07.01"]
[Round "1"]
[White "Loper10"]
[Black "Chessington"]
[WhiteElo "2730"]
[BlackElo "2390"]
[Result "1/2-1/2"]
[Round "1"]
1.e4 e6
2.d4 d5
3.Nb1c3 Bf8b4
4.e5 c5
5.a3 Bb4xc3
6.bxc3 Qd8a5
7.Bc1d2 Qa5a4
8.h4 Nb8c6
9.h5 h6
10.Ng1f3 Ng8e7
11.Rh1h4 c4
12.Rh4f4 Ne7f5
13.g3 Bc8d7
14.Bf1h3 Rh8f8
15.g4 Nf5e7
16.g5 O-O-O
17.gxh6 gxh6
18.Nf3h2 Ne7g8
19.Nh2g4 Nc6e7
20.Qd1b1 Rd8e8
21.Qb1b2 f5
22.exf6 Ne7f5
23.Rf4f3 Nf5h4
24.Rf3g3 Ng8xf6
25.Bd2xh6 Nf6xh5
26.Bh6xf8 Re8xf8
27.Rg3e3 Nh5f4
28.Ra1b1 b6
29.Ng4e5 Nh4g2
{ draw }
1/2-1/2

[Event "Tourn. n9421"]
[Site "www.chess-mail.com"]
[Date "2017.07.01"]
[Round "1"]
[White "Bojan"]
[Black "Picifarkinca"]
[WhiteElo "2020"]
[BlackElo "1990"]
[Result "1/2-1/2"]
[Round "1"]
1.e4 Ng8f6
2.Qd1f3 d5
3.e5 Nf6d7
4.d4 e6
5.a3 c5
6.Bc1e3 Qd8b6
7.b3 cxd4
8.Be3d2 Nd7xe5
9.Qf3g3 Ne5g6
10.Bf1d3 Bf8d6
11.Qg3f3 Nb8c6
12.Ng1e2 O-O
13.a4 e5
14.Qf3xd5 Nc6b4
15.Bd2xb4 Bd6xb4
16.c3 Bc8e6
17.Qd5b5 Qb6xb5
18.axb5 dxc3
19.Nb1xc3 Be6xb3
20.Ra1b1 Bb4xc3
21.Ne2xc3 Bb3e6
22.Bd3e4 Ra8c8
23.Nc3a4 b6
24.Be4c6 Rf8d8
25.O-O Rd8d4
26.Rb1a1 Be6d5
27.Bc6d7 Rc8c7
28.Bd7f5 Ng6e7
29.Bf5h3 Rc7c4
30.Bh3d7 Bd5xg2
31.Kxg2 Rd4xd7
32.Rf1e1 f6
33.Re1e3 Rd7d4
34.Na4c3 Ne7c8
35.h3 Rd4d7
36.Kf3 Rd7c7
37.Ra1a3 { draw }
1/2-1/2